Marvel Comics: Members of the Avengers Unity Division by Picture - Statistics

General Stats
  • This quiz has been taken 49 times
  • The average score is 20 of 26
Answer Stats
Picture Answer % Correct
Captain America (Steve Rogers)
100%
Deadpool
100%
Beast Prime
97%
Captain America (Sam Wilson)
97%
Scarlet Witch
97%
Spider-Man
97%
Thor Odinson
97%
Vision
97%
Wolverine
97%
Rogue
91%
Wonder Man
91%
Cable
88%
Wasp
88%
Black Widow
85%
Blob
85%
Quicksilver
85%
Human Torch
74%
Sabretooth
74%
Havok
71%
Stingray
65%
Doctor Voodoo
56%
Psylocke
56%
Sunfire
53%
Penance
41%
Hydra Supreme
32%
Synapse
21%
No matching quizzes found
Score Distribution
Percent of People with Each Score
Percentile by Number Answered
Your Score History
You have not taken this quiz